000
00285nam a22001097a 4500
008
160702b xxu||||| |||| 00| 0 eng d
100
_9
1830
_a
Geogre, A
245
_a
Word Power Made Easy
260
_a
New Delhi
_b
Common Wealth
_c
2004
300
_a
Word Power Made Easy
942
_2
ddc
_c
BK
999
_c
1534
_d
1534